000 00286nam a22001337a 4500
008 170401b xxu||||| |||| 00| 0 eng d
020 _a0534215882
041 _aeng
080 _a574
100 _a9
101 _aSHM
245 _aENVIRONMENTAL SCIENCE
_cMILLER, G.T
942 _2udc
_cBK
999 _c9420
_d9420